[Event "TCh-BEL 2002-3"]
[Site "Belgium BEL"]
[Date "2003.02.23"]
[Round "9"]
[White "Krijgelmans,J"]
[Black "Merenyi,G"]
[Result "0-1"]
[WhiteElo "2174"]
[BlackElo "2088"]

1.d4 Nf6 2.c4 e6 3.Nc3 Bb4 4.Nf3 Bxc3+ 5.bxc3 c5 6.Qc2 d6 7.e4 Qa5 8.Bd2 Nc6
9.e5 dxe5 10.dxe5 Nd7 11.Qe4 Qc7 12.Bf4 b6 13.Bg3 Bb7 14.Qf4 f6 15.exf6 Qxf4
16.Bxf4 gxf6 17.Nd2 Ba6 18.Ne4 Ke7 19.Bd6+ Kf7 20.f4 Na5 21.Be2 Bxc4 22.Bh5+ Kg7
23.h4 Bd5 24.Nd2 Nb7 25.Be7 Rhe8 26.c4 Rxe7 27.cxd5 exd5+ 28.Kf2 Nd6 29.Rh3 f5
30.g4 Nf6 31.Rg1 Nxh5 32.gxh5+ Kh8 33.Rhg3 Rae8 34.Rd3 Re2+ 35.Kf3 c4  0-1

[Event "ch-RUS w 1st League"]
[Site "Serpukhov RUS"]
[Date "2003.02.26"]
[Round "7"]
[White "Ershova,S"]
[Black "Shadrina,T"]
[Result "0-1"]
[WhiteElo "2258"]
[BlackElo "2342"]

1.d4 Nf6 2.c4 e6 3.Nc3 Bb4 4.Nf3 O-O 5.Bg5 h6 6.Bh4 c5 7.e3 cxd4 8.exd4 Qa5
9.Bd3 Bxc3+ 10.bxc3 Qxc3+ 11.Kf1 d6 12.Rc1 Qa3 13.Bxf6 gxf6 14.Qd2 Kg7 15.Bb1 Nc6
16.d5 Ne7 17.Nd4 Rh8 18.Rc3 Qc5 19.dxe6 Bxe6 20.Kg1 Rac8 21.h4 h5 22.Rg3+ Kf8
23.Kh2 Nc6 24.Nf5 Ne5 25.Re1 Ng4+ 26.Kg1 Bxf5 27.Bxf5 Qxf5 28.Qxd6+ Kg7 29.f3 Rcd8
30.fxg4 hxg4 31.Qc7 Rd7  0-1

[Event "6th Open"]
[Site "Malaga ESP"]
[Date "2003.02.28"]
[Round "8"]
[White "Bosboom Lanchava,T"]
[Black "Rizouk,A"]
[Result "0-1"]
[WhiteElo "2325"]
[BlackElo "2519"]

1.d4 Nf6 2.c4 e6 3.Nc3 Bb4 4.Nf3 O-O 5.Bg5 c5 6.d5 d6 7.e3 exd5 8.cxd5 Nbd7
9.Bd3 h6 10.h4 Qa5 11.Kf1 Bxc3 12.bxc3 Nxd5 13.c4 N5f6 14.Bf4 d5 15.Kg1 dxc4
16.Bxc4 Nb6 17.Bc7 Bg4 18.Rb1 Rac8 19.Bxb6 axb6 20.Qb3 Bxf3 21.gxf3 Rc6 22.Kg2 Nd7
23.f4 Nf6 24.Rhd1 Qa8 25.Qd3 Qc8 26.f3 Re8 27.Bb5 c4 28.Qd4 Ng4 29.e4 Rg6
30.f5 Ne3+ 31.Kh3 Nxf5 32.Qd7 Nd6 33.Qxc8 Rxc8 34.Bd7 Rc5 35.Rxb6 Nxe4 36.Rb2 c3
37.Re2 Rd6 38.Rf1 Rxd7 39.Rxe4 Rd2 40.Rb4 c2 41.Rb2 b5 42.Kg3 h5 43.Kf4 Rc3
44.Ke4 g6 45.Rb3 Rc4+  0-1

[Event "FSGM March"]
[Site "Budapest HUN"]
[Date "2003.03.04"]
[Round "4"]
[White "Horvath,Cs"]
[Black "Kustar,S"]
[Result "1/2-1/2"]
[WhiteElo "2506"]
[BlackElo "2384"]

1.d4 Nf6 2.c4 e6 3.Nc3 Bb4 4.Nf3 c5 5.g3 b6 6.Bg2 Bb7 7.O-O cxd4 8.Qxd4 Nc6
9.Qd3 O-O 10.b3 Na5 11.Bb2 d5 12.cxd5 Nxd5 13.Nxd5 Qxd5 14.Ne1 Qxd3 15.Nxd3 Bxg2
16.Kxg2 Be7 17.Rac1  1/2-1/2

[Event "Victor Ciocaltea Mem"]
[Site "Bucharest ROM"]
[Date "2003.03.06"]
[Round "3"]
[White "Manolache,M"]
[Black "Iordachescu,V"]
[Result "0-1"]
[WhiteElo "2430"]
[BlackElo "2550"]

1.Nf3 Nf6 2.c4 e6 3.Nc3 Bb4 4.d4 c5 5.e3 O-O 6.Bd3 b6 7.O-O Bb7 8.Na4 cxd4
9.exd4 Re8 10.a3 Bf8 11.Nc3 d6 12.Re1 Nbd7 13.b4 a6 14.h3 Rc8 15.Bb2 g6 16.d5 e5
17.Nd2 Nh5 18.g3 Ng7 19.h4 f5 20.Bf1 Be7 21.c5 bxc5 22.b5 c4 23.Nxc4 Nc5
24.a4 Nh5 25.a5 f4 26.g4 Ng7 27.Nb6 Rc7 28.bxa6 Bxa6 29.Bxa6 Nxa6 30.Ne4 Nc5
31.Nc4 Nxe4 32.Rxe4 Bxh4 33.Qf3 Rf8 34.Ba3 Be7 35.a6 Ra7 36.Bb4 Qd7 37.Qe2 Ne8
38.Na5 Nf6 39.Nc6 Nxe4 40.Qxe4 Raa8 41.f3 Bd8 42.Be1 Bb6+ 43.Kg2 Rf7 44.Rb1 Qc7
45.Qc4 h5 46.g5 h4 47.Qb5 h3+ 48.Kh2 Bc5 49.Qb7 Re8 50.Kxh3 Qc8+ 51.Qxc8 Rxc8
52.Rc1 Ra8 53.Ra1 Rh7+ 54.Kg2 Rh5 55.Bf2 Rxg5+ 56.Kf1 Bxf2 57.Kxf2 Rh5 58.Kg2 Rh7
59.a7 Rb7 60.Kh3 Kg7 61.Kg4 Kf6 62.Ra6 Rb1 63.Nb8 Rg1+ 64.Kh3 Kf5 65.Kh2 Rg3
66.Rxd6 Rxa7 67.Nd7 Ra2+ 68.Kh1 Rxf3 69.Rf6+ Ke4 70.Rxg6 Rf1+ 71.Rg1 Rxg1+
72.Kxg1  0-1

[Event "19th Spring Fest"]
[Site "Budapest HUN"]
[Date "2003.03.14"]
[Round "1"]
[White "Schuettler,T"]
[Black "Bencze,L"]
[Result "0-1"]
[WhiteElo "2073"]
[BlackElo "2274"]

1.d4 e6 2.c4 Nf6 3.Nc3 Bb4 4.Nf3 O-O 5.Bg5 d5 6.e3 Nbd7 7.cxd5 exd5 8.Qc2 Re8
9.Bd3 h6 10.Bh4 c6 11.Bh7+ Kh8 12.Bf5 Be7 13.O-O-O Kg8 14.g4 Ne4 15.Bg3 Ndf6
16.Ne5 Bxf5 17.gxf5 Nxc3 18.Qxc3 c5 19.Kb1 Rc8 20.f3 Qb6 21.Bh4 cxd4 22.Qxd4 Bc5
23.Qd3 Rxe5  0-1

[Event "Spring Festival IM"]
[Site "Bucharest ROM"]
[Date "2003.03.22"]
[Round "3"]
[White "Barnaure,V"]
[Black "Dinu,DD"]
[Result "0-1"]
[WhiteElo "2309"]
[BlackElo "2314"]

1.d4 Nf6 2.c4 e6 3.Nf3 Bb4+ 4.Nc3 O-O 5.Bg5 c5 6.e3 cxd4 7.exd4 Qa5 8.Bd3 Bxc3+
9.bxc3 Qxc3+ 10.Kf1 Nc6 11.Bxf6 gxf6 12.Rc1 Qa5 13.h4 Ne7 14.Rh3 Qh5 15.Qd2 Ng6
16.Be2 d6 17.Rd1 Kg7 18.Rg3 e5 19.Nxe5 Qxh4 20.Nf3 Qh6 21.Qb4 Qf4 22.Ne1 Re8
23.Bf3 h5 24.Bd5 h4 25.Rb3 Qh2 26.Nf3 Qh1+ 27.Ng1 Nf4 28.Qxd6 Ne2 29.Re3 Bg4
30.f3 Qxg1+ 31.Kxe2 Rxe3+  0-1

[Event "ch-SCO"]
[Site "Edinburgh SCO"]
[Date "2003.04.07"]
[Round "3"]
[White "Stevenson,J"]
[Black "Grant,A"]
[Result "0-1"]
[WhiteElo "2124"]
[BlackElo "2271"]

1.d4 Nf6 2.Nf3 e6 3.c4 Bb4+ 4.Nc3 O-O 5.Bg5 Bxc3+ 6.bxc3 d6 7.e3 Nbd7 8.Bd3 Re8
9.O-O c6 10.Qc2 Qa5 11.Bf4 Qh5 12.Bg3 e5 13.Nd2 Qh6 14.Rae1 Nh5 15.h3 Nxg3
16.fxg3 Nf8 17.Nb3 b6 18.Qf2 f6 19.Nd2 Ba6 20.e4 c5 21.d5 Ng6 22.Nf3 Rf8
23.Qc2 Ne7 24.Nd2 Bc8 25.Rf3 Bd7 26.Ref1 Rf7 27.R1f2 Raf8 28.Nf1 g6 29.Ne3 Qg5
30.g4 Qh6 31.Nf1 g5 32.Ng3 Ng6 33.Ne2 Nf4 34.Qd2 Qg7 35.Nxf4 gxf4 36.Kh2 Qg5
37.Qe1 Qh4 38.Kg1 Rg7 39.Re2 Qg5 40.Qf2 Rg6 41.Kf1 Rf7 42.Rb2 Rfg7 43.Ke1 h5
44.gxh5 Qxh5 45.Bf1 f5 46.Qe2 fxe4 47.Qxe4 Bf5 48.Qe2 Qh4+ 49.Qf2 Rg3 50.Re2 Qh7
51.Kd2 Bb1 52.Kd1 Be4 53.Rxf4 exf4 54.Qxf4 Rd3+ 55.Ke1 Bg6 56.Qf6 Qh6 57.Re8+ Kh7
58.Bxd3 Qc1+ 59.Ke2 Bxd3+ 60.Kxd3 Qd1+ 61.Ke4 Qe2+ 62.Kf5 Qxe8 63.Qe6  0-1

[Event "11th Open"]
[Site "Tarbes FRA"]
[Date "2003.04.19"]
[Round "3"]
[White "Barsov,A"]
[Black "Cabanna,D"]
[Result "1-0"]
[WhiteElo "2531"]
[BlackElo "2152"]

1.d4 Nf6 2.c4 e6 3.Nc3 Bb4 4.Nf3 c5 5.g3 O-O 6.Bg2 d5 7.cxd5 Nxd5 8.Bd2 cxd4
9.Nxd4 Nxc3 10.bxc3 Bc5 11.Be3 Qa5 12.O-O Bxd4 13.cxd4 Nc6 14.Qb3 Rd8 15.Rfd1 Ne7
16.Rac1 Qb6 17.Qa3 Nd5 18.Bd2 a5 19.e4 Nb4 20.Qb3 Qd6 21.Bf4 Qe7 22.a3 Nc6
23.d5 exd5 24.exd5 a4 25.Qb5 Na5 26.Qxa4 Bd7 27.Qb4 Qe8 28.Re1  1-0

[Event "7th Neckar Open"]
[Site "Deizisau GER"]
[Date "2003.04.20"]
[Round "6"]
[White "Milov,V"]
[Black "Farago,I"]
[Result "1/2-1/2"]
[WhiteElo "2574"]
[BlackElo "2477"]

1.d4 e6 2.c4 Nf6 3.Nc3 Bb4 4.Nf3 d5 5.Bg5 h6 6.Bxf6 Qxf6 7.e3 O-O 8.Rc1 dxc4
9.Bxc4 c5 10.O-O cxd4 11.Nxd4 Bd7 12.Ne4 Qe7 13.Be2 Nc6 14.a3 Nxd4 15.Qxd4 Ba5
16.Qc5 Bd8 17.Qxe7 Bxe7 18.Rc7 Bc6 19.Rxe7 Bxe4 20.Bf3 Bc6 21.Bxc6 bxc6 22.Rc1 Rfc8
23.Kf1 Kf8 24.Rb7 Rcb8 25.Rxb8+ Rxb8 26.Rxc6 Rxb2 27.Rc8+ Ke7 28.Rc7+ Kf6
29.Rxa7 Ra2 30.g4 g5 31.Kg2 Kg6 32.h3 Kf6 33.Kg3 Kg6 34.a4 Kf6 35.a5 Kg6
36.a6 Kf6 37.Ra8 Kg7 38.Kf3 Kf6 39.Kg3 Kg7 40.Kg2 Kf6 41.Kf3 Kg7 42.Kg3 Kf6
43.f4 Ra4 44.Kf3 gxf4 45.exf4 Ra3+ 46.Kg2 Ra2+ 47.Kg1 e5 48.fxe5+ Kxe5 49.a7 Kf6
50.Kf1 Kg7 51.Ke1 Kh7 52.Kd1 Kg7 53.Kc1 Kh7 54.Kb1 Ra6 55.Kc2  1/2-1/2

[Event "7th Neckar Open"]
[Site "Deizisau GER"]
[Date "2003.04.21"]
[Round "8"]
[White "Gustafsson,J"]
[Black "Zeller,F"]
[Result "1/2-1/2"]
[WhiteElo "2573"]
[BlackElo "2427"]

1.d4 Nf6 2.c4 e6 3.Nc3 Bb4 4.Nf3 b6 5.Qb3 c5 6.a3 Ba5 7.Bg5 Bb7 8.dxc5 Na6
9.c6 Bxc6 10.Qc2 Bxc3+ 11.Qxc3 Nc5 12.Nd2 O-O 13.f3 e5 14.b4 Ne6 15.Bh4 Ne4
16.Bxd8 Nxc3 17.Bh4 Nd4 18.Kf2 Nf5 19.Bg3 Nxg3 20.hxg3 a5 21.b5 Bb7 22.a4 d5
23.cxd5 Bxd5 24.e4 Be6 25.Bc4 Rfd8 26.Ke3 Rd4 27.Rhc1 Rad8 28.Rxc3 Rxd2 29.Be2 Kf8
30.f4 f6 31.Rh1 h6 32.Rc6 Bg4 33.Re1 Bxe2 34.Rxe2 R8d3+ 35.Kf2 Rxe2+ 36.Kxe2 Rxg3
37.fxe5 fxe5 38.Rxb6 Rxg2+ 39.Kf3 Ra2 40.Kg4 h5+ 41.Kxh5 Rxa4 42.Ra6 Ke7
43.Kg6 Rxe4 44.Rxa5 Ke6 45.Ra6+ Kd5 46.Kxg7 Rb4 47.Kf6 Ke4 48.Ra1 Rxb5 49.Re1+ Kf4  1/2-1/2

[Event "5th Open"]
[Site "Dubai UAE"]
[Date "2003.04.29"]
[Round "9"]
[White "Graf,A"]
[Black "Izoria,Z"]
[Result "0-1"]
[WhiteElo "2630"]
[BlackElo "2569"]

1.d4 Nf6 2.c4 e6 3.Nc3 Bb4 4.Nf3 b6 5.Bg5 Bb7 6.e3 Qe7 7.Bd3 Bxc3+ 8.bxc3 d6
9.O-O Nbd7 10.Nd2 h6 11.Bh4 g5 12.Bg3 h5 13.h4 Ng4 14.Nf3 gxh4 15.Nxh4 Rg8
16.e4 O-O-O 17.Re1 Nf8 18.d5 Nd7 19.Bf1 Rg7 20.Nf3 Nde5 21.Nd4 h4 22.Bxe5 dxe5
23.Nf3 h3 24.g3 Qc5 25.Qd2 Nxf2 26.Qe3 h2+ 27.Nxh2 Nxe4 28.g4 f5 29.Qxc5 Nxc5
30.Rxe5 fxg4 31.Bg2 exd5 32.cxd5 Nd3 33.Rf5 Re8 34.Rd1 Ne5 35.Nf1 Nf3+ 36.Bxf3 gxf3+
37.Kf2 Rg2+ 38.Kxf3 Rxa2 39.Ng3 Ba6 40.Rd4 Rh2 41.Ne4 Kb8 42.Rf4 Rg8 43.Nf6 Rgh8
44.d6 Bb7+ 45.Kg4 cxd6 46.Rxd6 Bc8+ 47.Kf3 R8h3+ 48.Ke4 Rxc3 49.Rd4 Re2+
50.Kd5 Rc5+ 51.Kd6 Re6+  0-1

[Event "TCh-ESP"]
[Site "Lanzarote ESP"]
[Date "2003.05.09"]
[Round "4"]
[White "Campos Moreno,J"]
[Black "Karpov,Ana"]
[Result "1/2-1/2"]
[WhiteElo "2480"]
[BlackElo "2686"]

1.d4 Nf6 2.c4 e6 3.Nc3 Bb4 4.Nf3 c5 5.g3 cxd4 6.Nxd4 O-O 7.Bg2 d5 8.cxd5 Nxd5
9.Qb3 Qa5 10.Bd2 Nc6 11.Nxc6 bxc6 12.O-O Bxc3 13.Bxc3 Nxc3 14.bxc3 Ba6 15.Qb4 Qxb4
16.cxb4  1/2-1/2

[Event "National I"]
[Site "Clermont-Ferrand FRA"]
[Date "2003.05.11"]
[Round "11"]
[White "Bacrot,E"]
[Black "Chabanon,JL"]
[Result "1-0"]
[WhiteElo "2654"]
[BlackElo "2492"]

1.d4 Nf6 2.c4 e6 3.Nc3 Bb4 4.Nf3 b6 5.Bg5 Bb7 6.e3 h6 7.Bh4 g5 8.Bg3 Ne4
9.Qc2 Bxc3+ 10.bxc3 d6 11.Bd3 f5 12.d5 Nd7 13.Bxe4 fxe4 14.Qxe4 Qf6 15.O-O O-O-O
16.Qxe6 Qxe6 17.dxe6 Nc5 18.Nd4 Rde8 19.f3 Nxe6 20.e4 Nc5 21.Rfe1 Nd3 22.Re2 Ne5
23.Nb5 Nxc4 24.Nxa7+ Kd7 25.Nb5 Ra8 26.e5 dxe5 27.Bxe5 Nxe5 28.Rxe5 Rae8
29.Rd1+ Kc8 30.Rde1 Rxe5 31.Rxe5 Kd7 32.Rf5 Ba6 33.a4 Bxb5 34.axb5 Ke6 35.g4 Rd8
36.Kf2 Rd2+ 37.Kg3 Rc2 38.h4 gxh4+ 39.Kxh4 Rxc3 40.Kh5 Rc5 41.Kg6 c6 42.bxc6 Rxc6
43.Rf6+ Kd5 44.Rxc6 Kxc6 45.Kxh6 Kd5  1-0

[Event "ch-EST"]
[Site "Tallinn EST"]
[Date "2003.05.17"]
[Round "1.2"]
[White "Neff,S"]
[Black "Soskov,V"]
[Result "0-1"]
[WhiteElo "2245"]
[BlackElo "2263"]

1.d4 Nf6 2.c4 e6 3.Nc3 Bb4 4.Nf3 c5 5.g3 Nc6 6.Bg2 Qa5 7.dxc5 Bxc3+ 8.bxc3 Qxc3+
9.Bd2 Qxc4 10.Rc1 Qxa2 11.O-O O-O 12.Bc3 Nd5 13.Ba1 b6 14.Nd4 Nce7 15.e4 Nf6
16.Rc2 Qa4 17.Qd2 bxc5 18.Rxc5 d5 19.e5 Ne4 20.Bxe4 dxe4 21.Qg5 Nd5 22.Rxd5 h6
23.Qe7 exd5 24.e6 Qe8 25.Qc7 Bxe6 26.Nc6 Qd7 27.Qxd7 Bxd7 28.Ne7+ Kh7 29.Nxd5 Rac8
30.Bd4 Bh3  0-1

[Event "28th Elekes Mem IM"]
[Site "Budapest HUN"]
[Date "2003.05.25"]
[Round "9"]
[White "Petran,Pa"]
[Black "Lorincz,I"]
[Result "1/2-1/2"]
[WhiteElo "2378"]
[BlackElo "2314"]

1.d4 Nf6 2.c4 e6 3.Nc3 Bb4 4.Nf3 c5 5.e3 O-O 6.Bd3 d5 7.O-O dxc4 8.Bxc4 cxd4
9.exd4 Qc7 10.Qe2 Bxc3 11.bxc3 Nbd7 12.Bg5 b6  1/2-1/2

[Event "CRO-Cup"]
[Site "Rabac CRO"]
[Date "2003.05.27"]
[Round "2"]
[White "Nol,A"]
[Black "Plenkovic,B"]
[Result "1-0"]
[WhiteElo "2279"]
[BlackElo "2079"]

1.d4 Nf6 2.Nf3 e6 3.c4 Bb4+ 4.Nc3 Bxc3+ 5.bxc3 d6 6.Qc2 Nbd7 7.Bg5 h6 8.Bh4 Qe7
9.e3 O-O 10.Be2 c5 11.O-O e5 12.h3 Re8 13.Rfe1 Nf8 14.Nd2 g5 15.Bg3 Ng6 16.Bd3 e4
17.Be2 h5 18.Qd1 g4 19.hxg4 hxg4 20.Nf1 Qe6 21.Nh2 Kg7 22.a4 a5 23.Rb1 Ra6
24.Rb5 Qf5 25.Qb3 Rh8 26.Rb6 Nh4 27.Bxd6 Nf3+ 28.Bxf3 gxf3 29.Be5 Be6 30.Rxa6 bxa6
31.Qb6 Qg6 32.Bg3 Rxh2 33.Kxh2 Qh6+ 34.Kg1 fxg2 35.Kxg2 Qh3+ 36.Kg1 Qh5 37.Qxc5  1-0

[Event "4th IECC"]
[Site "Istanbul TUR"]
[Date "2003.05.31"]
[Round "2"]
[White "Wells,P"]
[Black "Macieja,B"]
[Result "0-1"]
[WhiteElo "2487"]
[BlackElo "2634"]

1.d4 Nf6 2.c4 e6 3.Nc3 Bb4 4.Nf3 b6 5.Qb3 c5 6.Bg5 h6 7.Bh4 Nc6 8.d5 Na5
9.Qc2 g5 10.Bg3 d6 11.dxe6 Bxe6 12.O-O-O Bxc3 13.Qxc3 O-O 14.Qc2 Bxc4 15.b3 Bd5
16.h4 g4 17.Nh2 Qd7 18.Bf4 Rfc8 19.Bxh6 c4 20.Rxd5 Nxd5 21.b4 Nb3+ 22.Kd1 Qe6
23.Bg5 Nxb4 24.Qb2 Qd5+ 25.Ke1 Qa5 26.axb3  0-1

[Event "Master Open"]
[Site "Ploiesti ROM"]
[Date "2003.06.03"]
[Round "5"]
[White "Telea,S"]
[Black "Milea,F"]
[Result "1-0"]
[WhiteElo "2169"]
[BlackElo "2101"]

1.d4 Nf6 2.c4 e6 3.Nc3 Bb4 4.Nf3 b6 5.e3 Bb7 6.Bd3 Ne4 7.Qc2 f5 8.O-O Nf6
9.d5 g6 10.e4 h6 11.Ne5 g5 12.dxe6 Bxc3 13.Qxc3 dxe6 14.exf5 Nc6 15.Ng6 Rg8
16.Re1 Bc8 17.b3 Nd4 18.Be3 c5 19.Bxd4 cxd4 20.Qb4 Qc7 21.fxe6 Bb7 22.Qb5+ Qc6
23.Qxc6+ Bxc6 24.Bf5 Rd8 25.Rad1 Rg7 26.Ne5 Bb7 27.Nf7 Rc8  1-0

[Event "IEWCC"]
[Site "Istanbul TUR"]
[Date "2003.06.04"]
[Round "3"]
[White "Bosboom Lanchava,T"]
[Black "Cmilyte,V"]
[Result "1/2-1/2"]
[WhiteElo "2329"]
[BlackElo "2430"]

1.d4 Nf6 2.c4 e6 3.Nc3 Bb4 4.Nf3 O-O 5.Bg5 c5 6.Rc1 cxd4 7.Nxd4 Nc6 8.Nxc6 bxc6
9.a3 Be7 10.e3 Rb8 11.Qc2 Qa5 12.Bh4 d5 13.Bd3 dxc4 14.Bxc4 Ba6 15.Bxa6 Qxa6
16.Qa4 Qd3 17.Rd1 Qf5 18.O-O Rxb2 19.Qxa7 Bc5 20.Qa4 Nd5 21.Ne4 Rb5 22.Bg3 Be7
23.Bd6 Nb6 24.Qa6 Qxe4 25.Bxe7 Re8 26.Rd8 Rxd8 27.Bxd8 Qa4 28.Qb7 Qa8 29.Qe7 h6
30.e4 Nc4 31.Rd1 Qa4 32.Re1 Qxa3 33.Qe8+ Kh7 34.Qxc6 Qb4 35.Rc1 Ne5 36.Qc2 Qd4
37.Rd1 Rb2 38.Rxd4 Rxc2 39.h3 Nc6 40.Rd7 Nxd8 41.Rxd8 Kg6 42.g3 Kf6 43.f4 Rc4
44.e5+ Kf5 45.Rd7 Ke4 46.Rxf7 Kf3 47.Rxg7 Rc1+ 48.Kh2 Rc2+  1/2-1/2

[Event "Master Open"]
[Site "Ploiesti ROM"]
[Date "2003.06.04"]
[Round "6"]
[White "Telea,S"]
[Black "Seder,N"]
[Result "1/2-1/2"]
[WhiteElo "2169"]
[BlackElo "2212"]

1.d4 Nf6 2.c4 e6 3.Nc3 Bb4 4.Nf3 c5 5.e3 O-O 6.Bd3 d5 7.O-O dxc4 8.Bxc4 Nc6
9.a3 Ba5 10.d5 exd5 11.Nxd5 Bg4 12.h3 Be6 13.Nxf6+ Qxf6 14.Bxe6 Qxe6 15.Qc2 c4
16.Ng5 Qg6 17.e4 h6 18.Nf3 Qe6 19.Be3 Rfe8 20.Rac1 b5 21.b3 Qxe4 22.bxc4 b4
23.Qa4 bxa3 24.Qxa3 Bb4 25.Qa4 Re6 26.Qc2 Rc8 27.Rfd1 a5 28.Nd4 Nxd4 29.Rxd4 Qxc2
30.Rxc2 Bc5 31.Rd3 Re4 32.Bxc5 Rxc5 33.Rd5 Re1+ 34.Kh2 Rxd5 35.cxd5 Kf8 36.d6 Ke8
37.Rc7 Re6 38.Ra7 Re5 39.f4 Rd5 40.Re7+ Kf8 41.Rd7 f5 42.Ra7 g6 43.g4 Ke8
44.gxf5 Rxf5 45.Kg3 Rd5 46.Kf3 Rxd6 47.Rxa5 Kf7 48.Ra3 Kf6 49.Re3 Rd1 50.Kg3 Rd5
51.Kg4 h5+ 52.Kf3 Rd1 53.Re8 Rd3+ 54.Re3 Rd8 55.Re5 Ra8 56.Kg3 Ra3+ 57.Kg2 Rb3
58.Ra5 Re3 59.Rg5 Rc3 60.Ra5 Rc2+ 61.Kg3 Rc1 62.Kg2 Rd1 63.Rg5 Rd4 64.Kg3 Rd8
65.Kg2 Rf8 66.Kf3 Kg7 67.Ra5 Kh6 68.Kg3 Rg8 69.f5 g5 70.Ra6+ Kg7 71.Rg6+ Kh7
72.h4  1/2-1/2

[Event "CCA Vermont Open"]
[Site "Stratton Mountain USA"]
[Date "2003.06.05"]
[Round "4"]
[White "Tsiganov,I1"]
[Black "Rusiniak,S"]
[Result "1-0"]
[WhiteElo "2250"]
[BlackElo "2116"]

1.d4 Nf6 2.Nf3 e6 3.c4 Bb4+ 4.Nc3 b6 5.Bg5 h6 6.Bh4 Bb7 7.e3 O-O 8.Bd3 Be7
9.O-O d6 10.Qe2 Nbd7 11.Rfd1 Nh5 12.Bxe7 Qxe7 13.Rac1 Nhf6 14.e4 e5 15.Nd5 Qd8
16.dxe5 Nxe5 17.Nxe5 dxe5 18.Bc2 c5 19.Rd3 Bxd5 20.exd5 Qd6 21.Re3 Nd7 22.Bf5 f6
23.Qh5 Rfd8 24.Rg3 Kh8 25.Rxg7 Kxg7 26.Qg6+ Kf8 27.Qxh6+ Kg8 28.Bh7+ Kf7
29.Bg6+  1-0

[Event "IEWCC"]
[Site "Istanbul TUR"]
[Date "2003.06.07"]
[Round "5"]
[White "Bosboom Lanchava,T"]
[Black "Lomineishvili,M"]
[Result "0-1"]
[WhiteElo "2329"]
[BlackElo "2397"]

1.d4 Nf6 2.c4 e6 3.Nc3 Bb4 4.Nf3 c5 5.g3 Nc6 6.Bg2 Ne4 7.Qd3 cxd4 8.Nxd4 Nxc3
9.bxc3 Ne5 10.Qc2 Be7 11.Qb3 O-O 12.O-O Qc7 13.Bf4 d6 14.Nb5 Qc5 15.Na3 Bd7
16.Qb4 Rac8 17.Rfd1 b6 18.Rac1 Rc7 19.Be3 Qxb4 20.cxb4 Rfc8 21.Bf4 Ba4 22.Rd4 g5
23.Bd2 d5 24.c5 Be8 25.f4 bxc5 26.bxc5 Nd7 27.e3 Bxc5 28.Rd3 Bxe3+ 29.Rxe3 Rxc1+
30.Bxc1 Rxc1+ 31.Kf2 gxf4 32.gxf4 Nc5 33.Bxd5 Ba4 34.Bg2 Ra1 35.Re2 Nd3+
36.Ke3 Nc1 37.Rb2 Nxa2 38.Nc4 Nc3 39.Rb7 Bd1 40.Ne5 Bh5 41.Bf3 Nd5+ 42.Bxd5 exd5
43.Nd7 Kg7 44.f5 a5 45.Kf4 h6 46.Ke5 a4 47.h4 Re1+ 48.Kd6 d4 49.Rb2 Bg4 50.f6+ Kg6
51.Ne5+ Kh5 52.Rb4 a3 53.Ra4 Rxe5 54.Kxe5 d3 55.Kf4 d2  0-1

[Event "FSGM June"]
[Site "Budapest HUN"]
[Date "2003.06.12"]
[Round "6"]
[White "Lorscheid,G"]
[Black "Kallio,H"]
[Result "0-1"]
[WhiteElo "2315"]
[BlackElo "2470"]

1.d4 Nf6 2.c4 e6 3.Nc3 Bb4 4.Nf3 b6 5.Qc2 Bb7 6.Bg5 h6 7.Bxf6 Qxf6 8.O-O-O c5
9.Nb5 O-O 10.dxc5 Bxc5 11.e3 Rc8 12.Kb1 Na6 13.Qc3 Qe7 14.a3 d5 15.Ne5 Nc7
16.Nxc7 Rxc7 17.Rc1 Rd8 18.cxd5 Bxd5 19.Bd3 Bd6 20.Qd4 Bb7 21.Rhd1 Rxc1+
22.Kxc1 Qc7+ 23.Bc2 Rc8 24.Nc4 Bd5 25.b3 b5  0-1

[Event "4th IECC"]
[Site "Istanbul TUR"]
[Date "2003.06.12"]
[Round "12"]
[White "Milov,V"]
[Black "Filippov,Va"]
[Result "1/2-1/2"]
[WhiteElo "2574"]
[BlackElo "2627"]

1.d4 Nf6 2.c4 e6 3.Nc3 Bb4 4.Nf3 c5 5.g3 cxd4 6.Nxd4 Ne4 7.Qd3 Bxc3+ 8.bxc3 Nc5
9.Qc2 b6 10.Bf4 Bb7 11.f3 O-O 12.Bd6 Re8 13.e4 Ba6 14.Nb5 Nb7 15.e5 Bxb5
16.cxb5 Nxd6 17.exd6 a6 18.Qe4 Ra7 19.Bd3 f5 20.Qe3 axb5 21.Bxb5 Na6 22.O-O Nc5
23.a4 Ra5 24.Rfb1 e5 25.Rb4 Kh8 26.Rd1 Qf6 27.Rd5 Raa8 28.Rb1 f4 29.Qf2 e4
30.gxf4 Qxf4 31.Rf1 e3 32.Qg3 Qf6 33.Kh1 Re6 34.Rg1 g6 35.Rd4 e2 36.Re1 Rae8
37.Qg2 Rxd6 38.Rxe2 Rxe2 39.Qxe2 Rxd4 40.cxd4 Qxd4 41.Qe7 Kg8 42.Kg2 h5 43.h4 Qd2+
44.Kg3 Ne6 45.Qe8+ Nf8 46.Qe7 Qd4 47.Kg2 Qf4 48.Qd8 Qd2+ 49.Kh3 Qd6 50.Kg2 Kg7
51.Qe8 Qf6 52.Kg3 d5 53.Qe3 d4 54.Qe4 g5 55.hxg5 Qxg5+ 56.Kf2 Qf6 57.f4 Ng6
58.Kf3 h4 59.Kg4  1/2-1/2

[Event "4th IECC"]
[Site "Istanbul TUR"]
[Date "2003.06.12"]
[Round "12"]
[White "Bacrot,E"]
[Black "Rozentalis,E"]
[Result "1/2-1/2"]
[WhiteElo "2654"]
[BlackElo "2586"]

1.d4 Nf6 2.c4 e6 3.Nc3 Bb4 4.Nf3 c5 5.g3 cxd4 6.Nxd4 O-O 7.Bg2 d5 8.cxd5 Nxd5
9.Qb3 Na6 10.O-O Nxc3 11.bxc3 Be7 12.Rd1 Nc5 13.Qc4 e5 14.Ba3 Qa5 15.Bb4 Qa4
16.Qd5 exd4 17.Bxc5 Bxc5 18.Qxc5 dxc3 19.Qxc3 Rb8 20.Qc7 Bg4 21.Bxb7 Bxe2
22.Rd7 Bb5 23.Rdd1 Qc4 24.Rac1 Qxa2 25.Bc8 Rb6 26.Rd8 Qa3 27.Rxf8+ Qxf8 28.Qxa7 Rc6
29.Rxc6 Bxc6 30.Bb7  1/2-1/2

[Event "TCh-NED Playoff"]
[Site "Enschede NED"]
[Date "2003.06.22"]
[Round "2"]
[White "Becker,Marce"]
[Black "Vink,N"]
[Result "1/2-1/2"]
[WhiteElo "2332"]
[BlackElo "2310"]

1.d4 Nf6 2.c4 e6 3.Nc3 Bb4 4.Nf3 b6 5.Bg5 Bb7 6.e3 h6 7.Bh4 Bxc3+ 8.bxc3 d6
9.Nd2 Nbd7 10.f3 Qe7 11.Be2 O-O 12.O-O e5 13.e4 Qe6 14.c5 dxc5 15.dxe5 Nxe5
16.f4 Neg4 17.f5 Qe5 18.Bxg4 Qxc3 19.Rc1 Qe3+ 20.Bf2 Qg5 21.Bf3 Rad8 22.Rc2 Bxe4
23.Bxe4 Nxe4 24.Nxe4 Rxd1 25.Nxg5 Rxf1+ 26.Kxf1 hxg5 27.Rd2 Re8 28.Rd7 Re4
29.Bg3 Ra4 30.Bxc7 Rxa2 31.Rd8+ Kh7 32.Ra8 Ra5 33.Bb8 c4 34.Rxa7 Rxf5+ 35.Ke2 Kg6
36.Ra6 Rb5 37.Ba7 Kf5 38.Rxb6 Ra5 39.Rb7 Ra2+ 40.Ke3 f6 41.Rxg7 Rxg2 42.Bb8 Kg4
43.Rh7 c3 44.h3+ Kf5 45.Rc7 Rg3+ 46.Kd4 Rxh3 47.Rxc3 Rxc3  1/2-1/2

[Event "TCh-BIH"]
[Site "Jahorina BIH"]
[Date "2003.06.24"]
[Round "5"]
[White "Cvitan,O"]
[Black "Lekic,D"]
[Result "1/2-1/2"]
[WhiteElo "2551"]
[BlackElo "2430"]

1.d4 Nf6 2.c4 e6 3.Nc3 Bb4 4.Nf3 c5 5.g3 cxd4 6.Nxd4 O-O 7.Bg2 d5 8.cxd5 Nxd5
9.Bd2 Bxc3 10.bxc3 e5 11.Nb5  1/2-1/2

[Event "IM"]
[Site "Bogny sur Meuse FRA"]
[Date "2003.06.26"]
[Round "2"]
[White "Gozzoli,Y"]
[Black "Vallin,G"]
[Result "1/2-1/2"]
[WhiteElo "2431"]
[BlackElo "2412"]

1.d4 e6 2.c4 Nf6 3.Nc3 Bb4 4.Nf3 d5 5.e3 O-O 6.Bd3 Nbd7 7.a3 dxc4 8.Bxc4 Bd6
9.e4 e5 10.d5 Qe7 11.Qe2 Nb6 12.Bb3 Bg4 13.h3 Bxf3  1/2-1/2

[Event "ch-Quebec Inv"]
[Site "Montreal CAN"]
[Date "2003.06.28"]
[Round "3"]
[White "Feoktistov,D"]
[Black "Schleifer,M"]
[Result "0-1"]
[WhiteElo "2125"]
[BlackElo "2356"]

1.d4 Nf6 2.c4 e6 3.Nc3 Bb4 4.Nf3 Ne4 5.Qc2 f5 6.g3 b6 7.Bg2 O-O 8.O-O Bxc3
9.bxc3 Bb7 10.Nd2 Nd6 11.Ba3 Bxg2 12.Kxg2 Rf7 13.c5 Nb7 14.cxb6 axb6 15.Bb2 Nc6
16.c4 Nd6 17.f4 Qc8 18.e4 fxe4 19.c5 Nf5 20.Qxe4 Ra4 21.Nb3 Qa6 22.cxb6 cxb6
23.Kh1 Qb5 24.Rfd1 Rf8 25.Qf3 Nb4 26.a3 Nc2 27.Rac1 Nce3 28.Rc3 Nxd1 29.Qxd1 Rc4
30.Rf3 Qd5 31.Kg1 Rfc8 32.Rf2 Qc6 33.d5 exd5 34.Qg4 Qg6 35.Qf3 Qe6 36.Be5 d6
37.Re2 dxe5 38.Rxe5 Qf7 39.Rxd5 Ne3  0-1

[Event "IM"]
[Site "Elancourt FRA"]
[Date "2003.06.30"]
[Round "10"]
[White "Moracchini,F"]
[Black "Verat,L"]
[Result "1/2-1/2"]
[WhiteElo "2302"]
[BlackElo "2357"]

1.d4 Nf6 2.c4 e6 3.Nc3 Bb4 4.Nf3 d5 5.cxd5 exd5 6.Bg5 h6 7.Bxf6 Qxf6 8.Qa4+ Nc6
9.e3 O-O 10.Rc1 Qg6 11.Qc2 Bf5 12.Qb3 Be4 13.a3 Bxc3+ 14.Rxc3 Bxf3 15.gxf3 Rfe8
16.Qd1 Qf6 17.Be2 Re6 18.O-O Rae8 19.Bd3 Qh4 20.f4 Qh3 21.Kh1 f5 22.Rg1 Rf8
23.Rg3 Qh4 24.Qf3 Qd8 25.Rc5  1/2-1/2

[Event "ch-Quebec Inv"]
[Site "Montreal CAN"]
[Date "2003.07.04"]
[Round "8"]
[White "Feoktistov,D"]
[Black "Duong Thanh Nha"]
[Result "1/2-1/2"]
[WhiteElo "2125"]
[BlackElo "2314"]

1.d4 Nf6 2.c4 e6 3.Nc3 Bb4 4.Nf3 d5 5.Bg5 dxc4 6.e4 c5 7.e5 h6 8.exf6 hxg5
9.fxg7 Rg8 10.dxc5 Qxd1+ 11.Rxd1 Rxg7  1/2-1/2

[Event "ch-SWE"]
[Site "Umea SWE"]
[Date "2003.07.06"]
[Round "7"]
[White "Ahlander,B"]
[Black "Brynell,S"]
[Result "1/2-1/2"]
[WhiteElo "2389"]
[BlackElo "2538"]

1.d4 Nf6 2.c4 e6 3.Nc3 Bb4 4.Nf3 c5 5.e3 O-O 6.Bd3 d5 7.O-O cxd4 8.exd4 dxc4
9.Bxc4 b6 10.Ne5 Bb7 11.Bg5 Bxc3 12.bxc3 Nbd7 13.Nxd7 Qxd7 14.Bxf6 gxf6 15.Qg4+ Kh8  1/2-1/2

[Event "25th Open"]
[Site "Oberwart AUT"]
[Date "2003.07.07"]
[Round "3"]
[White "Stanec,N"]
[Black "Ganauser,E"]
[Result "1-0"]
[WhiteElo "2560"]
[BlackElo "2014"]

1.d4 Nf6 2.c4 e6 3.Nc3 Bb4 4.Nf3 b6 5.e3 Bb7 6.Bd3 O-O 7.O-O Bxc3 8.bxc3 d6
9.Nd2 e5 10.f4 Qe7 11.Kh1 Nbd7 12.d5 Nc5 13.Bc2 Rae8 14.f5 h6 15.e4 Nh7 16.Nb3 Nd7
17.Be3 Qh4 18.Nd2 Ndf6 19.Nf3 Qh5 20.Bd3 g6 21.Be2 Nxe4 22.Qe1 Qxf5 23.Nd2 Qd7
24.Nxe4 f5 25.Bxh6 Rf7 26.Qg3  1-0

[Event "ch-NOR"]
[Site "Fredrikstad NOR"]
[Date "2003.07.09"]
[Round "6"]
[White "Bae,T"]
[Black "Moen,A"]
[Result "1/2-1/2"]
[WhiteElo "2366"]
[BlackElo "2251"]

1.d4 Nf6 2.c4 e6 3.Nc3 Bb4 4.Nf3 O-O 5.g3 b6 6.Bg2 Bb7 7.O-O Bxc3 8.bxc3 Be4
9.Bh3 d6 10.Nd2 Bb7 11.Qc2 Re8 12.e4 e5 13.Bg2 Nc6 14.Qd3 Na5 15.f4 Ba6 16.Bh3  1/2-1/2